| 000 | 00981nam0a22002651 4500 | ||
|---|---|---|---|
| 001 | v19\rc\1421934 | ||
| 005 | 20060512133204.6 | ||
| 035 | _a(NLR Aleph) 004548438 | ||
| 090 |
_a2107084 _c2107084 |
||
| 100 | _a20060512d1884 |||y0rusy50 ca | ||
| 101 | 0 | _arus | |
| 102 | _aRU | ||
| 105 | _ay z ||||| | ||
| 200 | 1 |
_aОписание города Староконстантинова от начала основания до наших дней. (1561-1884) _fСост., 45 Пехотного Азов.... полка, поручик Н.И. Зуц |
|
| 210 |
_aСтароконстантинов _cтипо-лит. С. Аренберга (под упр. И. Шехтмейстера) _d1884 |
||
| 215 |
_a[6], VI, 86 с. _d20 |
||
| 320 | _aБиблиогр.: с. V | ||
| 700 | 1 |
_aЗуц _bН. И. _4220 |
|
| 801 | 0 |
_aRU _bNLR _gpsbo |
|
| 801 | 0 |
_aRU _bRuMoRGB _2psbo |
|
| 801 | 1 |
_aRU _bProSoft-M _2rusmarc |
|
| 852 |
_aNLR _j18.163.1.98 |
||
| 899 | _aБАН | ||
| 942 | _cBOOK | ||
| 980 | _aNB | ||